Estadísticas para Ganadores F1 2022

Haz click aquí para intentar la prueba.

Estadísticas generales

  • Esta prueba ha sido intentada 65 veces
  • La puntuación promedio es 21 de 22

Estadísticas de respuestas

HintRespuesta% Correcto
Abu DhabiMax Verstappen
100%
Arabia SaudiMax Verstappen
100%
MexicoMax Verstappen
100%
Estados UnidosMax Verstappen
100%
JapónMax Verstappen
100%
ItaliaMax Verstappen
100%
Países BajosMax Verstappen
100%
BélgicaMax Verstappen
100%
HungríaMax Verstappen
100%
FranciaMax Verstappen
100%
CanadáMax Verstappen
100%
AzerbaiyanMax Verstappen
100%
EspañaMax Verstappen
100%
MiamiMax Verstappen
100%
Emilia-RomañaMax Verstappen
100%
Gran BretañaCarlos Sainz
92%
AustriaCharles Leclerc
87%
AustraliaCharles Leclerc
87%
BareinCharles Leclerc
87%
MónacoSergio Perez
87%
SingapurSergio Perez
87%
BrasilGeorge Russell
74%

Distribución de puntuación

Porcentaje por número respondido

Porcentaje de gente con cada puntuación

Historial de tus puntuaciones

No has intentado esta prueba.